LEADER 01914nam 2200541Ia 450 001 9910700977003321 005 20120313154717.0 035 $a(CKB)5470000002413255 035 $a(OCoLC)758483815 035 $a(EXLCZ)995470000002413255 100 $a20111025d2011 ua 0 101 0 $aeng 135 $aurbn||||||||| 181 $ctxt$2rdacontent 182 $cc$2rdamedia 183 $acr$2rdacarrier 200 00$aCausal factors and adverse events of aviation accidents and incidents related to integrated vehicle health management$b[electronic resource] /$fMary S. Reveley ... [and others] 210 1$aCleveland, Ohio :$cNational Aeronautics and Space Administration, Glenn Research Center,$d[2011] 215 $a1 online resource (iii, 24 pages) 225 1 $aNASA/TM ;$v2011-216967 300 $aTitle from title screen (viewed on Oct. 25, 2011). 300 $a"March 2011." 320 $aIncludes bibliographical references (page 24). 606 $aAircraft accidents$2nasat 606 $aAircraft safety$2nasat 606 $aFlight safety$2nasat 606 $aSafety management$2nasat 606 $aLanding gear$2nasat 606 $aFlight management systems$2nasat 606 $aFailure modes$2nasat 606 $aComponent reliability$2nasat 615 7$aAircraft accidents. 615 7$aAircraft safety. 615 7$aFlight safety. 615 7$aSafety management. 615 7$aLanding gear. 615 7$aFlight management systems. 615 7$aFailure modes. 615 7$aComponent reliability. 701 $aReveley$b Mary S$01398505 712 02$aNASA Glenn Research Center. 801 0$bGPO 801 1$bGPO 801 2$bGPO 906 $aBOOK 912 $a9910700977003321 996 $aCausal factors and adverse events of aviation accidents and incidents related to integrated vehicle health management$93510406 997 $aUNINA